000 00787nam a2200253 i 4500
001 57877
003 ES-MaACL
005 20250807081019.0
007 t|
008 031020s1982 sp ||||1| spa d
020 _a84-306-1207-6
080 _a392.5(44)"10/12"
080 _a27-45(44)"10/12"
100 1 _aDuby, Georges.
_945797
245 1 3 _aEl caballero, la mujer y el cura :
_bel matrimonio en la Francia feudal /
_cGeorges Duby ; versión de Mauro Armiño.
260 _a[Madrid] :
_bTaurus,
_c[1982]
300 _a245 p. ;
_c21 cm.
490 1 _aEnsayistas ;
_v207
650 7 _aMatrimonio-
_zFrancia
_2
_9156506
700 0 _aArmiño, Mauro,
_d1944-
_922987
830 1 _aEnsayistas ;
_v207
_9177257
852 4 _aES-MaACL
_jL-4148
999 _c57877
_d57877